LEADER 01145nam--2200385---450 001 990002800470203316 005 20180420102712.0 010 $a88-464-5045-0 035 $a000280047 035 $aUSA01000280047 035 $a(ALEPH)000280047USA01 035 $a000280047 100 $a20060824d2003----km-y0itay0103----ba 101 $aita 102 $aIT 105 $a||||||||001yy 200 1 $aProject management in sanità$euno strumento per gestire il cambiamento e l'innovazione dell'organizzazione$fEugenio Vignati, Paolo Bruno 210 $aMilano$cF. Angeli$d2003 215 $a175 p.$d23 cm 225 2 $aAzienda moderna$v519 410 0$12001$aAzienda moderna$v519 454 1$12001 461 1$1001-------$12001 606 0 $aServizi sanitari$xGestione 676 $a362.1068 700 1$aVIGNATI,$bEugenio$0383050 701 1$aBRUNO,$bPaolo$c<1966- >$0383051 801 0$aIT$bsalbc$gISBD 912 $a990002800470203316 951 $aP08 1374$bDISTRA 959 $aBK 969 $aDISTRA 979 $aDISTRA2$b10$c20060824$lUSA01$h1254 996 $aProject management in sanità$91513537 997 $aUNISA LEADER 02342nam 2200661 a 450 001 9910451726703321 005 20200520144314.0 010 $a1-282-26944-5 010 $a9786612269448 010 $a0-299-19333-0 035 $a(CKB)1000000000473471 035 $a(dli)HEB06632 035 $a(SSID)ssj0000179746 035 $a(PQKBManifestationID)11167505 035 $a(PQKBTitleCode)TC0000179746 035 $a(PQKBWorkID)10149161 035 $a(PQKB)10229011 035 $a(MiAaPQ)EBC3444732 035 $a(OCoLC)606985665 035 $a(MdBmJHUP)muse12188 035 $a(Au-PeEL)EBL3444732 035 $a(CaPaEBR)ebr10217087 035 $a(OCoLC)290525773 035 $a(EXLCZ)991000000000473471 100 $a20030311d2003 ub 0 101 0 $aeng 135 $aurmnummmmuuuu 181 $ctxt 182 $cc 183 $acr 200 10$aInside a class action$b[electronic resource] $ethe Holocaust and the Swiss banks /$fJane Schapiro 210 $aMadison, Wis. $cUniversity of Wisconsin Press/Terrace Books$dc2003 215 $a1 online resource (xii, 292 p. ) 300 $aBibliographic Level Mode of Issuance: Monograph 311 $a0-299-19330-6 320 $aIncludes bibliographical references (p. 275-286) and index. 327 $aWinds of truth -- Looking back -- Plaintiffs speak -- The devil's bridge -- An uneasy alliance -- A rough calculation -- Arguments and motions -- The hearing -- Stucki's ghost -- A victim's fund -- A separate peace -- Money dance -- An accounting -- The reckoning. 410 0$aACLS Humanities E-Book. 606 $aUnjust enrichment$zUnited States 606 $aTrials$zNew York (State)$zNew York 606 $aClass actions (Civil procedure)$zNew York (State)$zNew York 606 $aHolocaust, Jewish (1939-1945) 606 $aBanks and banking, Swiss 608 $aElectronic books. 615 0$aUnjust enrichment 615 0$aTrials 615 0$aClass actions (Civil procedure) 615 0$aHolocaust, Jewish (1939-1945) 615 0$aBanks and banking, Swiss. 676 $a347.73/53 700 $aSchapiro$b Jane$f1956-$0899586 801 0$bMiAaPQ 801 1$bMiAaPQ 801 2$bMiAaPQ 906 $aBOOK 912 $a9910451726703321 996 $aInside a class action$92009994 997 $aUNINA